| 000 -LEADER |
| fixed length control field |
00666nam a22001937a 4500 |
| 003 - CONTROL NUMBER IDENTIFIER |
| control field |
OSt |
| 005 - DATE AND TIME OF LATEST TRANSACTION |
| control field |
20190222051315.0 |
| 008 - FIXED-LENGTH DATA ELEMENTS--GENERAL INFORMATION |
| fixed length control field |
180319b xxu||||| |||| 00| 0 spa d |
| 040 ## - CATALOGING SOURCE |
| Transcribing agency |
PJ |
| 100 ## - MAIN ENTRY--PERSONAL NAME |
| 9 (RLIN) |
257 |
| Personal name |
Bachofen, Johann Jakob |
| 245 13 - TITLE STATEMENT |
| Title |
El derecho natural y el derecho histórico / |
| Statement of responsibility, etc |
Johann Jakob Bachofen, introducción y versión del alemán de Felipe González Vicen. |
| 260 ## - PUBLICATION, DISTRIBUTION, ETC. (IMPRINT) |
| Place of publication, distribution, etc |
Madrid : |
| Name of publisher, distributor, etc |
Centro de Estudios Constitucionales, |
| Date of publication, distribution, etc |
1978. |
| 300 ## - PHYSICAL DESCRIPTION |
| Extent |
72 p. |
| 490 ## - SERIES STATEMENT |
| Series statement |
Civitas |
| 650 ## - SUBJECT ADDED ENTRY--TOPICAL TERM |
| Topical term or geographic name as entry element |
FILOSOFIA DEL DERECHO |
| 9 (RLIN) |
177 |
| 650 #0 - SUBJECT ADDED ENTRY--TOPICAL TERM |
| Topical term or geographic name as entry element |
DERECHO NATURAL |
| 9 (RLIN) |
256 |
| 700 ## - ADDED ENTRY--PERSONAL NAME |
| 9 (RLIN) |
258 |
| Personal name |
González Vicen, Felipe |
| Función |
traductor |
| 942 ## - ADDED ENTRY ELEMENTS (KOHA) |
| Source of classification or shelving scheme |
|
| Koha item type |
Libros |
| Classification part |
340.12 |
| Item part |
BAC |